|
|
|
|
| LEADER |
00000nam0a2200000 4500 |
| 001 |
27838 |
| 005 |
20231101205823.0 |
| 010 |
|
|
|a 5020087238
|
| 035 |
|
|
|a (RuTPU)RU\TPU\book\28093
|
| 035 |
|
|
|a BOOK00028168
|
| 090 |
|
|
|a 27838
|
| 100 |
|
|
|a 20011209d2000 km y0rusy50 ca
|
| 101 |
0 |
|
|a rus
|
| 102 |
|
|
|a RU
|
| 105 |
|
|
|a y z 000zy
|
| 200 |
1 |
|
|a Библиографический указатель продолжающихся изданий Археографической комиссии РАН и ее отделений
|f Под ред. С. О. Шмидта
|
| 210 |
|
|
|a Москва
|c Наука
|d 2000
|
| 215 |
|
|
|a 230 с.
|
| 606 |
1 |
|
|a Археография
|2 stltpush
|3 (RuTPU)RU\TPU\subj\53340
|9 71653
|
| 610 |
1 |
|
|a библиографические указатели
|
| 610 |
1 |
|
|a продолжающие издания
|
| 610 |
1 |
|
|a историография
|
| 610 |
1 |
|
|a источниковедение
|
| 610 |
1 |
|
|a Россия
|
| 610 |
1 |
|
|a Сибирь
|
| 686 |
|
|
|a Я171(2)
|v LBC/SL-A
|2 rubbk
|
| 686 |
|
|
|a Т212
|v LBC/SL-A
|2 rubbk
|
| 702 |
|
1 |
|a Шмидт
|b С. О
|
| 801 |
|
0 |
|a RU
|b 63413507
|c 20011209
|g PSBO
|
| 801 |
|
2 |
|a RU
|b 63413507
|c 20230203
|g RCR
|
| 942 |
|
|
|c BK
|